| 000 | 01606nam a22003614a 4500 | ||
|---|---|---|---|
| 001 | ebr10172708 | ||
| 003 | CaPaEBR | ||
| 006 | m u | ||
| 007 | cr cn||||||||| | ||
| 008 | 020124s2002 txu sb s001 0 eng | ||
| 020 | _z0292705131 (cloth : alk. paper) | ||
| 020 | _z029270514X (pbk. : alk. paper) | ||
| 040 |
_aCaPaEBR _cCaPaEBR |
||
| 035 | _a(OCoLC)568017999 | ||
| 043 | _af-ua--- | ||
| 050 | 1 | 4 |
_aHQ766.5.E3 _bA45 2002eb |
| 082 | 0 | 4 |
_a363.9/6/0962 _221 |
| 100 | 1 |
_aAli, Kamran Asdar, _d1961- |
|
| 245 | 1 | 0 |
_aPlanning the family in Egypt _h[electronic resource] : _bnew bodies, new selves / _cKamran Asdar Ali. |
| 250 | _a1st ed. | ||
| 260 |
_aAustin, Tx : _bUniversity of Texas Press, _cc2002. |
||
| 300 | _axii, 233 p. | ||
| 490 | 1 |
_aModern Middle East series ; _vno. 21 |
|
| 504 | _aIncludes bibliographical references (p. [199-221) and index. | ||
| 505 | 0 | _aHistory of family planning -- Changing behavior -- Spatial context -- Women's bodies -- Women's choices -- Men and family planning -- Constructing new selves -- Islamist futures -- Conclusion. | |
| 533 |
_aElectronic reproduction. _bPalo Alto, Calif. : _cebrary, _d2013. _nAvailable via World Wide Web. _nAccess may be limited to ebrary affiliated libraries. |
||
| 650 | 0 |
_aBirth control _zEgypt. |
|
| 650 | 0 |
_aDemographic transition _zEgypt. |
|
| 655 | 7 |
_aElectronic books. _2local |
|
| 710 | 2 | _aebrary, Inc. | |
| 830 | 0 |
_aModern Middle East series (Austin, Tex.) ; _vno. 21. |
|
| 856 | 4 | 0 |
_uhttp://site.ebrary.com/lib/rucke/Doc?id=10172708 _zAn electronic book accessible through the World Wide Web; click to view |
| 999 |
_c248877 _d248877 |
||